| 000 | 00781nam a2200229Ia 4500 | ||
|---|---|---|---|
| 003 | OSt | ||
| 005 | 20240926104618.0 | ||
| 008 | 210716s2004 xx 000 0 und d | ||
| 020 | _a9788126562923 | ||
| 040 | _cAIMIT LIBRARY | ||
| 041 | _aeng | ||
| 082 |
_a005.73 _2GOOM |
||
| 100 |
_aGoodrich, Michael T. _9180245 |
||
| 245 |
_aData structures and algorithms in c++ / _cBy Michael T. Goodrich; Roberto Tamassis and David M. Mount. |
||
| 250 | _a2nd ed. | ||
| 260 |
_aNew Delhi : _bWiley India Pvt Ltd , _c2004. |
||
| 300 |
_axxii,714 p.; _bPB _c24.5 cm. |
||
| 650 |
_aBasic c++ programming elements _9180246 |
||
| 650 |
_aGoals principles and patternsArrays linked lists and recursion _9180247 |
||
| 650 |
_aStacks queues and deques _9180248 |
||
| 942 |
_2ddc _cBK _k005.73 GOOM |
||
| 999 |
_c195747 _d195747 |
||